Vista normal Vista MARC

Entrada Personal Name

Número de registros utilizados en: 1

001 - CONTROL NUMBER

  • control field: 3050

003 - CONTROL NUMBER IDENTIFIER

  • control field: OSt

005 - DATE AND TIME OF LATEST TRANSACTION

  • control field: 20200415125554.0

008 - FIXED-LENGTH DATA ELEMENTS

  • fixed length control field: 200415|| aca||aabn | a|a d

040 ## - CATALOGING SOURCE

  • Original cataloging agency: OSt
  • Transcribing agency: OSt

100 ## - HEADING--PERSONAL NAME

  • Personal name: Fortea, Carlos,

670 ## - SOURCE DATA FOUND

  • Source citation: Work cat.: (OSt)3485: Enzensberger, Hans Magnus, 1929 autor 3047, El diablo de los números : , ©2017